LIBRARY & INFORMATION CENTRE, KCAET, TAVANUR

ONLINE PUBLIC ACCESS CATALOGUE (OPAC)

Principles and practice of highway engineering / (Record no. 1583)

MARC details
000 -LEADER
fixed length control field 00422cam a2200169ua 4500
003 - CONTROL NUMBER IDENTIFIER
control field OSt
008 - FIXED-LENGTH DATA ELEMENTS--GENERAL INFORMATION
fixed length control field 250731b |||||||| |||| 00| 0 eng d
041 ## - LANGUAGE CODE
Language code of text/sound track or separate title eng
082 ## - DEWEY DECIMAL CLASSIFICATION NUMBER
Classification number 625.7
Item number SHA/PR
100 ## - MAIN ENTRY--AUTHOR NAME
Personal name Sharma, R.C .
245 ## - TITLE STATEMENT
Title Principles and practice of highway engineering /
250 ## - EDITION STATEMENT
Edition statement 1 /
260 ## - PUBLICATION, DISTRIBUTION, ETC. (IMPRINT)
Place of publication :
Name of publisher Asia Publishing House ,
Year of publication 1964.
300 ## - PHYSICAL DESCRIPTION
Number of Pages 664 ; .
700 1# - ADDED ENTRY--PERSONAL NAME
Personal name Sharma, S.K .
942 ## - ADDED ENTRY ELEMENTS (KOHA)
Koha item type Books
Holdings
Withdrawn status Lost status Damaged status Home library Current library Date acquired Full call number Accession Number Koha item type
      KAUAET KAUAET 07/04/2012 625.7 SHA/PR 12417 Books
free website counter